000 00744nam a2200253Ia 4500
003 OSt
005 20220927110350.0
006 a|||||r|||| 00| 0
007 ta
008 220926b |||||||| |||| 00| 0 eng d
024 _a59279
037 _cReports
040 _aRTL
_cRTL
_beng
041 _2eng
_aeng
082 _a"X:9J5.1-1.M44t, GD"
110 _aGreat Britain Land and Conlonial Emigration (Commissioners)
_9376748
245 0 _aGeneral report
260 _aLondon
_bH M S O UK
_c1844
300 _a66p.
_ccm.
650 _aPersonnalManagement
_9376749
700 _aGreat Britain Land and Conlonial Emigration (Commissioners)
_9376750
942 _h"X:9J5.1-1.M44t, GD"
_cCC
999 _c695847
_d695847